| 000 | 00476nam a2200181Ia 4500 | ||
|---|---|---|---|
| 003 | GCL | ||
| 008 | 140319s9999 xx 000 0 eng d | ||
| 040 |
_aGCL / _cGCL |
||
| 082 | 0 | 4 |
_a791.4353 _bG C |
| 100 | 1 | _aGUYNAM, WILLION | |
| 245 | 1 | 0 |
_aA CINEMA OF NONFICTION / _cGUYNAM, WILLION |
| 260 |
_a[S.N] : _bFAIRLEIGH DICKINSON UNIVERSITY PRES ، _c1990 |
||
| 300 | _a29 P | ||
| 650 | 0 | 4 | _aARTS |
| 650 | 0 | 4 | _aMOVIES |
| 650 | 0 | 4 | _aDOCUMENTARY AND CRITICISM |
| 942 |
_2ddc _cBK |
||
| 999 |
_c19404 _d19404 |
||